[Event "Ponteareas op 2nd"]
[Site "Ponteareas"]
[Date "2019.04.21"]
[Round "4"]
[White "Otero Nogueira, Brais"]
[Black "Gonzalez Levices, Constantino"]
[Result "0-1"]
[WhiteElo "2066"]
[BlackElo "1943"]
[PlyCount "135"]
[EventDate "2019.04.20"]
[EventType "swiss"]
[EventRounds "5"]
[EventCountry "ESP"]
[SourceTitle "CBM 190 Extra"]
[Source "ChessBase"]
[SourceDate "2019.07.15"]
[SourceVersion "1"]
[SourceVersionDate "2019.07.15"]
[SourceQuality "1"]

1. c4 Nc6 2. g3 Nf6 3. Bg2 e5 4. a3 a5 5. Nc3 Bc5 6. e3 0-0 7. Nge2 d6 8. 0-0 Bg4 9. h3 Be6 10. d4 exd4 11. exd4 Nxd4 12. Nxd4 Bxc4 13. Re1 c6 14. b3 Bxd4 15. Qxd4 Bxb3 16. a4 Qd7 17. Bf4 Be6 18. Kh2 d5 19. Rab1 Rfc8 20. Qc5 b5 21. Be5 b4 22. Bxf6 gxf6 23. Ne2 Qa7 24. Qc1 Bf5 25. Rb3 Be4 26. Qf4 Bxg2 27. Kxg2 Re8 28. Qg4+ Kf8 29. Rf3 Re6 30. Qh4 Rae8 31. Qh6+ Ke7 32. Rxf6 Rxf6 33. Nd4+ Kd7 34. Qxf6 Rxe1 35. Qxc6+ Ke7 36. Nf5+ Kd8 37. Qxd5+ Qd7 38. Qxa5+ Ke8 39. Qa8+ Qd8 40. Qc6+ Qd7 41. Qa8+ Qd8 42. Qc6+ Qd7 43. Ng7+ Kd8 44. Qb6+ Qc7 45. Qd4+ Kc8 46. Qg4+ Qd7 47. Qc4+ Kd8 48. Qh4+ Qe7 49. Qd4+ Kc8 50. Qc4+ Kb8 51. Qf4+ Ka8 52. Kh2 Qb7 53. g4 b3 54. Qd2 Rh1+ 55. Kg3 Qc7+ 56. Kh4 Qe7+ 57. Kg3 Qc7+ 58. Kh4 Rc1 59. Qd5+ Qb7 60. Qa5+ Kb8 61. Qe5+ Rc7 62. Qb2 Rc2 63. Qe5+ Ka7 64. a5 b2 65. Qd4+ Ka8 66. a6 Qe7+ 67. g5 b1Q 68. Nf5 0-1